| Поле | Инд. | ПП | Название | Значение |
|---|---|---|---|---|
| Тип записи | a | |||
| Библиографический уровень | a | |||
| 001 | Контрольный номер | 2680c981152d453c80207472faff8b0d | ||
| 005 | Дата корректировки | 20181120134546.9 | ||
| 100 | a | Данные общей обработки | 20180820 ||| 0rusy0189 ca | |
| 101 | 0_ | a | Язык текста | rus |
| 102 | a | Страна публикации | RU | |
| 200 | 1_ | f | Первые сведения об ответственности | С.Н. Братановский, Е.В. Трунина |
| a | Заглавие | Отдельные аспекты совершенствования механизма административно-правового регулирования таможенных отношений в Российской Федерации | ||
| 210 | d | Дата издания | 2018 | |
| 461 | _0 | 1 | 2000 | |
| a | Российская юстиция | |||
| 463 | _0 | 1 | 2000 | |
| a | №2 | |||
| v | С. 6-8 | |||
| 1 | 2101 | |||
| d | 2018 | |||
| 1 | 00199dfac2f5c7a4933b662f36636ae128f | |||
| 606 | a | Основная рубрика | Административное право | |
| 610 | 0_ | a | Ключевые слова | ТАМОЖЕННЫЙ СОЮЗ |
| a | Ключевые слова | ПРАВОВЫЕ ОТНОШЕНИЯ | ||
| a | Ключевые слова | ПРАВОВОЕ РЕГУЛИРОВАНИЕ | ||
| 700 | _1 | a | Фамилия | Братановский |
| b | Имя | С.Н. | ||
| 701 | _1 | a | Фамилия | Трунина |
| b | Имя | Е.В. | ||
| 801 | _0 | a | Страна | RU |
| b | Организация | РГУП | ||
| c | Дата составления | 20180820 | ||
| g | Правила каталогизации | PSBO | ||
| 801 | _1 | a | Страна | RU |
| b | Организация | РГУП | ||
| c | Дата составления | 20180820 | ||
| g | Правила каталогизации | PSBO | ||
| 901 | t | Тип документа | b | |
| w | Контрольный № источника | 99dfac2f5c7a4933b662f36636ae128f | ||
| 905 | a | Дата ввода | 20180820 |